Word Ladder: Sounds of Halloween Quiz Stats

 Plays Quiz Updated Oct 31, 2016

Challenge
Share
Tweet
Embed
Score 0/35 Timer 04:00
1 Play Today
Hint 4-Letter Word % Correct
The Great ___ of ChinaWALL
98.2%
Do not succeedFAIL
97.2%
Healthy in beingWELL
95.1%
Join metal parts togetherWELD
95.1%
Michael Jackson song: '___ It'BEAT
94.9%
πŸ’€ Sound made by a werewolf πŸ’€πŸ’€HOWLπŸ’€
94.7%
Strip of leather at the waistBELT
94.3%
'From first to ___'LAST
94.1%
Aquatic transportationBOAT
93.9%
πŸ’€ Sound made by a banshee πŸ’€πŸ’€WAILπŸ’€
93.9%
πŸ’€ Sound made by an owl πŸ’€πŸ’€HOOTπŸ’€
92.1%
Peter Pan companions: The ___ BoysLOST
91.3%
Earth's natural satelliteMOON
90.9%
Shout loudly YELL
89.5%
Game bird: Guinea ___FOWL
89.4%
Parasite's supportHOST
87.8%
Church pealerBELL
87.3%
Thwart, as a planFOIL
87.2%
Hint 4-Letter Word % Correct
Do a gardening choreWEED
87%
Sow's mateBOAR
85.7%
πŸ’€ Sound made by a monster πŸ’€πŸ’€ROARπŸ’€
85.2%
πŸ’€ Sound made by a zombie πŸ’€πŸ’€MOANπŸ’€
85.1%
Subject to debateMOOT
84.9%
πŸ’€ Sound of a scared dog πŸ’€πŸ’€YELPπŸ’€
84.7%
Deep, open cutGASH
81.2%
Cat's tail movementLASH
80.5%
A horse of patchy colorROAN
79.8%
πŸ’€ Sound of a fearful inhale πŸ’€πŸ’€GASPπŸ’€
79.7%
Ocean 'forest' algaeKELP
78.6%
Sloping interstate exitRAMP
77.9%
Fleshy hindquartersRUMP
75.8%
πŸ’€ Sound of a scary voice πŸ’€πŸ’€RASPπŸ’€
73.8%
πŸ’€ Sound in the night πŸ’€πŸ’€BUMPπŸ’€
72.8%
πŸ’€ Sound like a La Llorona πŸ’€πŸ’€WEEPπŸ’€
70.4%
Castle strongholdKEEP
70.2%

Today's Daily Dose

You're not logged in!

Compare scores with friends on all Sporcle quizzes.
OR
Log In

You Might Also Like...

Show Comments

Extras

Top Quizzes Today


Score Distribution

Your Account Isn't Verified!

In order to create a playlist on Sporcle, you need to verify the email address you used during registration. Go to your Sporcle Settings to finish the process.

Report this User

Report this user for behavior that violates our Community Guidelines.

Details: